Perception of the Problems of Financing the Development of Regional Tourism in Europe

Cieľom článku je preskúmať problematiku financovania rozvoja cestovného ruchu v regióne s osobitným zameraním na využívanie verejných zdrojov v tejto oblasti. To môže zahŕňať využitie oblastí po ťažbe pre trvalo udržateľný cestovný ruch, ako sú turistické atrakcie spojené s baníckou históriou a geo...

Full description

Saved in:
Bibliographic Details
Main Author: Michálková, Anna, 1968-
Other Authors: Naďová Krošláková, Monika, 1975-, Kršák, Branislav, Čvirik, Marián, 1992-, Tomášková, Andrea
Format: Book Chapter
Language:English
Subjects:
Tags: Add Tag
No Tags, Be the first to tag this record!

MARC

LEADER 00000naa$a2200000$$$4500
001 0307670
005 20250930094521.0
041 0 |a eng 
044 |a SK 
245 1 0 |a Perception of the Problems of Financing the Development of Regional Tourism in Europe  |c Anna Michálková, Monika Naďová Krošláková, Branislav Kršák, Marián Čvirik, Andrea Tomášková 
520 |a Cieľom článku je preskúmať problematiku financovania rozvoja cestovného ruchu v regióne s osobitným zameraním na využívanie verejných zdrojov v tejto oblasti. To môže zahŕňať využitie oblastí po ťažbe pre trvalo udržateľný cestovný ruch, ako sú turistické atrakcie spojené s baníckou históriou a geológiou, ako aj priemyselné oblasti, v ktorých stále prebieha ťažba a kde je možné využiť existujúcu infraštruktúru ťažobného priemyslu na podporu rozvoja miestneho cestovného ruchu. 
610 2 0 |a baníctvo 
610 2 0 |a ruch cestovný 
610 2 0 |a regióny 
610 2 0 |a udržateľnosť 
610 2 0 |a dane ekologické 
610 2 0 |a Slovensko 
100 1 |a Michálková, Anna, 1968- 
700 1 |a Naďová Krošláková, Monika, 1975- 
700 1 |a Kršák, Branislav 
700 1 |a Čvirik, Marián, 1992- 
700 1 |a Tomášková, Andrea